| 000 | 04310cam a2200469Ia 4500 | ||
|---|---|---|---|
| 001 | 57253 | ||
| 005 | 20230411085710.0 | ||
| 008 | 060103r20042003nyub b 000 0 eng d | ||
| 035 | _a(OCoLC)ocm62768951 | ||
| 040 |
_aPX0 _cPX0 _dPX0 _dBAKER _dYDXCP _dUX0 |
||
| 020 | _a0805075097 (pbk.) | ||
| 020 | _a9780805075090 (pbk.) | ||
| 029 | 1 |
_aYDXCP _b2009848 |
|
| 029 | 1 |
_aNZ1 _b10495259 |
|
| 029 | 1 |
_aAU@ _b000025485755 |
|
| 035 | _a(OCoLC)62768951 | ||
| 082 | 0 | 4 |
_a331.408691 _222 |
| 050 | 1 | 4 | _G562n 2004 |
| 049 | _aGRAL | ||
| 245 | 0 | 0 |
_aGlobal woman : _bnannies, maids, and sex workers in the new economy / _cBarbara Ehrenreich and Arlie Russell Hochschild, editors. |
| 250 | _a1st Owl Books ed. | ||
| 260 |
_aNew York : _bHenry Holt and Company, _c2004. |
||
| 300 |
_avi, 328 p. : _bmaps ; _c21 cm. |
||
| 500 | _a"A Metropolitan/Owl Book." | ||
| 500 | _a"First published in hardcover in 2003 by Metropolitan Books"--T.p. verso. | ||
| 504 | _aIncludes bibliographical references (p. 285-324). | ||
| 505 | 0 | _aLove and gold / Arlie Russell Hochschild -- The nanny dilemma / Susan Cheever -- The care crisis in the Philippines : children and transnational families in the new global economy / Rhacel Salazar ParreƤnas -- Blowups and other unhappy endings / Pierrette Hondagneu-Sotelo -- Invisible labors : caring for the independent person / Lynn May Rivas -- Maid to order / Barbara Ehrenreich -- Just another job? : the commodification of domestic labor / Bridget Anderson -- Filipina workers in Hong Kong homes : household rules and relations / Nicole Constable -- America's dirty work : migrant maids and modern-day slavery / Joy M. Zarembka -- Selling sex for visas : sex tourism as a stepping-stone to international migration / Denise Brennan -- Among women : migrant domestics and their Taiwanese employers across generations / Pei-Chia Lan -- Breadwinner no more / Michele Gamburd -- Because she looks like a child / Kevin Bales -- Clashing dreams : highly educated overseas brides and low-wage U.S. husbands / Hung Cam Thai -- Global cities and survival circuits / Saskia Sassen -- Migration trends : maps and chart / Robert Espinoza -- Appendix: Activist organizations. | |
| 520 | _aIn a remarkable pairing, two renowned social critics offer a groundbreaking anthology that examines the unexplored consequences of globalization on the lives of women worldwide. Women are moving around the globe as never before. But for every female executive racking up frequent flier miles, there are multitudes of women whose journeys go unnoticed. Each year, millions leave Mexico, Sri Lanka, the Philippines, and other third world countries to work in the homes, nurseries, and brothels of the first world. This broad-scale transfer of labor associated with women's traditional roles results in an odd displacement. In the new global calculus, the female energy that flows to wealthy countries is subtracted from poor ones, often to the detriment of the families left behind. The migrant nanny--or cleaning woman, nursing care attendant, maid--eases a "care deficit" in rich countries, while her absence creates a "care deficit" back home. Confronting a range of topics, from the fate of Vietnamese mail-order brides to the importation of Mexican nannies in Los Angeles and the selling of Thai girls to Japanese brothels, "Global woman offers an unprecedented look at a world shaped by mass migration and economic exchange on an ever-increasing scale. In fifteen vivid essays--of which only four have been previously published--by a diverse and distinguished group of writers, collected and introduced by best selling authors Barbara Ehrenreich and Arlie Russell Hochschild, this anthology reveals a new era in which the main resource extracted from the third world is no longer gold or silver, but love. | ||
| 650 | 0 | _aWomen domestics. | |
| 650 | 0 | _aWomen alien labor. | |
| 650 | 0 |
_aWomen _xEmployment. |
|
| 650 | 0 |
_aMinority women _xEmployment. |
|
| 650 | 0 | _aNannies. | |
| 650 | 0 | _aProstitution. | |
| 700 | 1 | _aEhrenreich, Barbara. | |
| 700 | 1 |
_aHochschild, Arlie Russell, _d1940- |
|
| 938 |
_aYBP Library Services _bYANK _n2009848 |
||
| 938 |
_aBaker & Taylor _bBKTY _c16.00 _d12.00 _i0805075097 _n0004291843 _sactive |
||
| 942 |
_2lcc _cbk |
||
| 994 |
_aC0 _bDRFGD |
||
| 946 | _aLspaulino | ||
| 999 |
_c106063 _d106063 |
||